Movies Quiz

Random Movies Quiz

'Old' Movies, 'New' Movies Quiz Stats

 Plays Quiz not verified by Sporcle

Challenge
Share
Tweet
Embed
Score 0/20 Timer 06:00
0 Plays Today
% Correct
No Country For Old Men
74.6%
The Twilight Saga: New Moon
72.1%
Old School
71.6%
Grumpy Old Men
65.5%
Old Dogs
64.5%
The 40-Year-Old Virgin
60.9%
Gangs of New York
48.7%
Arsenic and Old Lace
39.6%
New York Minute
36.5%
Escape from New York
35.5%
% Correct
The Emperor's New Groove
33%
The New Guy
26.4%
The New World
23.9%
Old Yeller
16.8%
The Old Man and the Sea
15.2%
Seems Like Old Times
14.2%
New in Town
13.2%
Kickin' It Old Skool
12.2%
Synecdoche, New York
10.7%
What's New Pussycat?
9.6%

You're not logged in!

Compare scores with friends on all Sporcle quizzes.
OR
Log In

You Might Also Like...

Show Comments

Extras

Created Aug 17, 2011ReportNominate
Tags:old

Top Quizzes Today


Score Distribution

Your Account Isn't Verified!

In order to create a playlist on Sporcle, you need to verify the email address you used during registration. Go to your Sporcle Settings to finish the process.

Report this User

Report this user for behavior that violates our Community Guidelines.

Details: